[Event "Dortmund Sparkassen op-C 47th"]
[Site "Dortmund"]
[Date "2019.07.13"]
[Round "1"]
[White "Wolff, Manuela"]
[Black "Klees, Robert"]
[Result "0-1"]
[WhiteElo "767"]
[BlackElo "1264"]
[PlyCount "58"]
[EventDate "2019.07.13"]
[EventType "swiss"]
[EventRounds "9"]
[EventCountry "GER"]
[SourceTitle "CBM 192 Extra"]
[Source "Chessbase"]
[SourceDate "2019.11.06"]
[SourceVersion "1"]
[SourceVersionDate "2019.11.06"]
[SourceQuality "1"]

1. d4 Nf6 2. e3 c5 3. Nf3 cxd4 4. exd4 d5 5. c3 Bf5 6. Nbd2 Nc6 7. Bb5 a6 8. Bxc6+ bxc6 9. 0-0 h6 10. Nb3 e6 11. Qe1 Bd3 12. Nbd2 Bxf1 13. Kxf1 Qc7 14. Ne5 Bd6 15. Ndf3 Ne4 16. a3 g5 17. Qe3 f6 18. Ng6 Rg8 19. Ngh4 Bf4 20. Qe1 Bxc1 21. Qxc1 gxh4 22. Nxh4 Qxh2 23. Nf3 Qxg2+ 24. Ke2 Qxf2+ 25. Kd1 Qxf3+ 26. Kc2 Qe2+ 27. Kb1 Nd2+ 28. Ka2 Qc4+ 29. b3 Qxb3# 0-1